01377nam a2200337Ia 4500001001200000003000800012006001900020007001500039008004100054010001700095020002600112020002600138040002100164035002100185050002300206082001800229245011500247260006200362300002400424504005100448533015200499650005800651650005300709650003200762650003300794650002400827655002900851700001600880710001700896856012600913ebr10716669CaPaEBRm o u cr cn|||||||||130222s2013 enka sb 001 0 eng d z 2012050750 z9781118446072 (cloth) z9781118568002 (ebook) aCaPaEBRcCaPaEBR a(OCoLC)82872458114aTL220b.G75 2013eb04a333.793/222300aGrid integration of electric vehicles in open electricity marketsh[electronic resource] /cQiuwei Wu, editor. aChichester, West Sussex :bJohn Wiley & Sons Inc.,c2013. axvi, 289 p. :bill. aIncludes bibliographical references and index. aElectronic reproduction.bPalo Alto, Calif. :cebrary,d2013.nAvailable via World Wide Web.nAccess may be limited to ebrary affiliated libraries. 0aElectric automobilesxPower supplyxEconomic aspects. 0aElectric automobilesxPower supplyxForecasting. 0aElectric power consumption. 0aElectric power plantsxLoad. 0aElectric utilities. 7aElectronic books.2local1 aWu, Qiuwei.2 aebrary, Inc.40uhttp://site.ebrary.com/lib/rucke/Doc?id=10716669zAn electronic book accessible through the World Wide Web; click to view